| 000 | 00574nam a2200229Ia 4500 | ||
|---|---|---|---|
| 008 | 210210b2017 xxu||||| |||| 00| 0 eng d | ||
| 020 | _a9780071328968 | ||
| 041 | _aeng | ||
| 082 | _a621.3 KULB | ||
| 100 | _aKULSHRESHTHA (D C) | ||
| 245 | _aBasic electrical engineering Rev Ed 1 | ||
| 260 |
_aChennai _bMcGraw Hill Education (India) Private Limited _c2017 |
||
| 300 | _axxiv,851 | ||
| 650 | _aRev | ||
| 650 | _aengineering | ||
| 650 | _aelectrical | ||
| 650 | _aEd | ||
| 650 | _aBasic | ||
| 650 | _a1 | ||
| 690 | _aElectrical Engineering | ||
| 906 | _a072205 | ||
| 999 |
_c122308 _d122308 |
||